Songs Named for Real Places - Statistics

General Stats
  • This quiz has been taken 6 times
  • The average score is 7 of 16
Answer Stats
Hint Answer % Correct
Africa Toto
100%
Waterloo ABBA
83%
Havana Camila Cabello
83%
Pompeii Bastille
67%
Barcelona Freddie Mercury and Montserrat Caballé
67%
Malibu Miley Cyrus
50%
Youngstown Bruce Springsteen
33%
Ohio Crosby, Stills and Nash
33%
Austin Dasha
33%
Budapest George Ezra
33%
Galveston Glen Campbell
33%
Paris The Chainsmokers
33%
Vienna Ultravox
33%
Khe Sanh Cold Chisel
17%
Santa Monica Everclear
17%
Sao Paulo The Weeknd
17%
No matching quizzes found
Score Distribution
Percent of People with Each Score
Percentile by Number Answered
Your Score History
You have not taken this quiz